Music Quiz

Random Music or Song Quiz
Score 0/11 Timer 02:00
0 Plays Today
songs % Correct
I'm bulletproof, nothing to loseFire away, fire away
60%
Yellow diamonds in the light And we're standing side by side
53.3%
this was never the way i planned not my intention
46.7%
I'm not afraid, I'm not afraidto take a stand
33.3%
My mama told me when I was young We areall born superstars
20%
Momma please stop crying, I can't stand the sound
6.7%
Momma, he's the best I ever had Daddy I'vefallen for a monster
6.7%
I'm on the floor, floor I love to dance So giveme more more
6.7%
You mean to me What I mean to you andtogether baby
0%
I will never be the samewith out you
0%
if you can't find the time to give your love to mei will wait for you
0%
Remove Ads.
Support Sporcle.
Get the best of Sporcle when you Go Orange. This ad-free experience offers more features, more stats, and more fun while also helping to support Sporcle. Thank you for becoming a member.

You're not logged in!

Compare scores with friends on all Sporcle quizzes.
OR
Log In

Show Comments

Extras

Created Jul 5, 2012ReportNominate
Tags:Song Quiz, finish

Top Quizzes Today


Score Distribution

Your Account Isn't Verified!

In order to create a playlist on Sporcle, you need to verify the email address you used during registration. Go to your Sporcle Settings to finish the process.

Report this User

Report this user for behavior that violates our Community Guidelines.

Details: